| 000 | 01116nam a22003257a 4500 | ||
|---|---|---|---|
| 001 | 00321 | ||
| 003 | DO-SdBPM | ||
| 005 | 20250616102857.0 | ||
| 007 | ta | ||
| 008 | 160509b20uu sp |||| 00| 0 spa d | ||
| 040 |
_aDO-SdBPM _bspa _cBPMSU _erda |
||
| 082 | 4 |
_a372.5 _bM283m 1998 _222 |
|
| 100 | 1 |
_aManning, Mick _d1959- |
|
| 245 | 0 | 0 |
_aMi primer libro de arte : _bdibujo y manualidades Everest / _c Mick Manning, Brita Granstrõm ; traducción de María Luisa Rodríguez Pérez. |
| 250 | _a2a. ed. | ||
| 264 |
_aLeón, España : _bEditorial Everest, _c1998 |
||
| 300 |
_a47 páginas : _bilustraciones ; _c27 cm. |
||
| 336 |
_atexto _btxt _2rdacontent |
||
| 337 |
_asin mediación _bn _2rdamedia |
||
| 338 |
_a volumen _bnc _2rdacarrier |
||
| 590 | _aInventariado, 2025/VM | ||
| 650 | 7 |
_aArte _xEnseñanza básica |
|
| 650 | 7 |
_aEnseñanza del dibujo _x _x |
|
| 650 | 7 |
_aEducación de niños _x _x |
|
| 700 | 1 |
_a Granstrõm, Brita _e autor |
|
| 700 | 1 |
_aRodríguez Pérez, María Luisa _e traductor |
|
| 710 | 2 | _aEditorial Everest | |
| 910 | _aVMateo V. Control de calidad. BPMSU | ||
| 942 |
_2ddc _cBK |
||
| 999 |
_c15176 _d15176 |
||